Mga bugtong at tula. (Record no. 110608)
[ view plain ]
| 000 -LEADER | |
|---|---|
| fixed length control field | 00256nam a2200109 a 4500 |
| 005 - DATE AND TIME OF LATEST TRANSACTION | |
| control field | 20140414131900.0 |
| 008 - FIXED-LENGTH DATA ELEMENTS--GENERAL INFORMATION | |
| fixed length control field | 120327s19uu xx 00 eng d |
| 050 ## - LIBRARY OF CONGRESS CALL NUMBER | |
| Classification number | FIL 398.6 |
| Item number | B85 2008 |
| 245 ## - TITLE STATEMENT | |
| Title | Mga bugtong at tula. |
| 650 ## - SUBJECT ADDED ENTRY--TOPICAL TERM | |
| Topical term or geographic name as entry element | Poems |
| Withdrawn status | Lost status | Damaged status | Home library | Current library | Shelving location | Date acquired | Total Checkouts | Full call number | Barcode | Date last seen | Price effective from | Koha item type |
|---|---|---|---|---|---|---|---|---|---|---|---|---|
| Munich Library | Munich Library | Filipiniana Section | 03/27/2012 | FIL 398.6 B85 2008 | M1059 | 04/14/2014 | 04/14/2014 | Books |